• 首页
  • 本馆介绍
  • 公告通知
  • 最新文献
  • 馆藏检索
  • 电子资源
  • 读者导购
  • 参考咨询
  • 我的图书馆
  • 登录
  • 详细信息显示
  • 放入我的书架
  • 预约/预借图书
  • 作者相关作品
  • 分类相关作品
  • 丛书相关作品
  • 出版社相关作品

书目信息

  • 表格格式
  • 工作单格式
  • 卡片格式
题名:
西南通途
    
 
作者: 张学亮 编写
分册:  
出版信息: 长春   吉林出版集团有限责任公司  2010
页数: 119页
开本: 21cm
丛书名:
单 册:
中图分类: I253.6 , F532.87
科图分类:
主题词: 报告文学--中国--现代 , 铁路工程--建设--西南地区 , 报告文学 , 铁路工程
电子资源:
ISBN: 978-7-5463-1867-7
000 01001nam0 2200289 450
001 2351130824
005 20231109090713.16
010    @a978-7-5463-1867-7@dCNY29.80
100    @a20100412d2010 em y0chiy50 ea
101 0  @achi
102    @aCN@b220000
105    @ay z 000zy
200 1  @a西南通途@Axi nan tong tu@e成昆铁路设计施工与建成通车@f张学亮编写
210    @a长春@c吉林出版集团有限责任公司@d2010
215    @a119页@d21cm
300    @a共和国故事
330    @a本书分为中央决策规划、路线勘测与设计、铁路建设与施工、铁路通车与启用四部分,内容包括:毛泽东说成昆铁路要快修、地质队完成全线踏勘等。
517 1  @a成昆铁路设计施工与建成通车@Acheng kun tie lu she ji shi gong yu jian cheng tong che
606 0  @a报告文学@y中国@z现代
606 0  @a铁路工程@x建设@y西南地区
606 0  @a报告文学
606 0  @a铁路工程
690    @aI253.6@v5
690    @aF532.87@v5
701  0 @a张学亮@Azhang xue liang@c(图书编辑)@4编写
801  0 @aCN@b山东中教@c20230926
905    @aBZT@dI253.6@e57
    
    西南通途:成昆铁路设计施工与建成通车/张学亮编写.-长春:吉林出版集团有限责任公司,2010
    119页;21cm
    共和国故事
    
    ISBN 978-7-5463-1867-7:CNY29.80
    本书分为中央决策规划、路线勘测与设计、铁路建设与施工、铁路通车与启用四部分,内容包括:毛泽东说成昆铁路要快修、地质队完成全线踏勘等。
●
相关链接 在五车中查询图书 在当当中查询图书 在豆瓣中查询图书


正题名:西南通途     索取号:I253.6/57         预约/预借

序号 登录号 条形码 馆藏地/架位号 状态 备注
1 2000975567   2000975567   第四书库/四40架A面5层3列/ [索取号:I253.6/57] 在馆    
2 2000975568   2000975568   第四书库/四40架A面5层3列/ [索取号:I253.6/57] 在馆    
3 2000975569   2000975569   第四书库/四40架A面5层3列/ [索取号:I253.6/57] 在馆    
4 2000975570   2000975570   第四书库/四40架A面5层3列/ [索取号:I253.6/57] 在馆    
山东省滨州职业学院图书馆 欢迎您!
大连网信软件有限公司© 版权所有